La Real Academia de España en Roma y el conjunto monumental de San Pedro en Montorio : (Record no. 10798)

MARC details
000 -CABECERA
campo de control de longitud fija 01297nam a22002897a 4500
001 - NÚMERO DE CONTROL
campo de control BRCA_9179
003 - IDENTIFICADOR DEL NÚMERO DE CONTROL
campo de control FranzMayer
005 - FECHA Y HORA DE LA ÚLTIMA TRANSACCIÓN
campo de control 20220809132018.0
008 - DATOS DE LONGITUD FIJA--INFORMACIÓN GENERAL
campo de control de longitud fija 220630b |||||||| |||| 00| 0 spa d
024 ## - IDENTIFICADOR DE OTROS ESTÁNDARES
Número estándar o código 109200925
Información calificativa NIPO
040 ## - FUENTE DE LA CATALOGACIÓN
Centro/agencia transcriptor MFM
041 ## - CÓDIGO DE LENGUA
Código de lengua del texto/banda sonora o título independiente spa
050 ## - SIGNATURA TOPOGRÁFICA DE LA BIBLIOTECA DEL CONGRESO
Número de clasificación N2810
Número de documento/Ítem .R434 2020
245 03 - MENCIÓN DE TÍTULO
Título La Real Academia de España en Roma y el conjunto monumental de San Pedro en Montorio :
Resto del título De los Reyes Católicos al siglo XXI /
Mención de responsabilidad, etc. coordinación general, M.ª Ángeles Albert de León
250 ## - MENCIÓN DE EDICIÓN
Mención de edición Primera edición
260 ## - PUBLICACIÓN, DISTRIBUCIÓN, ETC.
Lugar de publicación, distribución, etc. Roma
Nombre del editor, distribuidor, etc. RAER
Fecha de publicación, distribución, etc. 2020
260 ## - PUBLICACIÓN, DISTRIBUCIÓN, ETC.
Lugar de publicación, distribución, etc. Madrid
Nombre del editor, distribuidor, etc. AECID
Fecha de publicación, distribución, etc. 2020
300 ## - DESCRIPCIÓN FÍSICA
Extensión 177 p. :
Otras características físicas il., planos, facs., fot. ;
Dimensiones 17 x 24 cm
500 ## - NOTA GENERAL
Nota general Ubicación: L59-N5
500 ## - NOTA GENERAL
Nota general Incluye lista de Directores y Residentes
504 ## - NOTA DE BIBLIOGRAFÍA, ETC.
Nota de bibliografía, etc. Índice de imágenes: 168-173 p.
505 ## - NOTA DE CONTENIDO CON FORMATO
Nota de contenido con formato Bibliografía: 174-177 p.
520 ## - SUMARIO, ETC.
Sumario, etc. Publicación sobre el patrimonio y la historia de la Academia de España en Roma que, desde su fundación en 1873, sigue siendo la institución cultural más importante del Ministerio de Asuntos Exteriores, Unión Europea y Cooperación. - Ángeles Moreno Bau (Secretaria de Estado de Cooperación Internacional)
610 ## - PUNTO DE ACCESO ADICIONAL DE MATERIA--NOMBRE DE ENTIDAD CORPORATIVA
Nombre de entidad corporativa o nombre de jurisdicción como elemento de entrada Real Academia de España en Roma
Subdivisión general Historia
Subdivisión cronológica Siglos XV-XX
9 (RLIN) 28389
942 ## - ELEMENTOS DE PUNTO DE ACCESO ADICIONAL (KOHA)
Fuente del sistema de clasificación o colocación Library of Congress Classification
Tipo de ítem Koha Libros
Holdings
Estado de retiro Estado de pérdida Fuente del sistema de clasificación o colocación Estado dañado No para préstamo Localización permanente Ubicación/localización actual Fecha de adquisición Total de préstamos Signatura topográfica completa Código de barras Fecha visto por última vez Número de copia Precio válido a partir de Tipo de ítem Koha
El ejemplar forma parte de la colección y puede ser consultado según las políticas vigentes.   Library of Congress Classification     Biblioteca del Museo Franz Mayer (Rogerio Casas-Alatriste) Biblioteca del Museo Franz Mayer (Rogerio Casas-Alatriste) 30/06/2022   N2810 .R434 2020 CONT9952 30/06/2022 1 30/06/2022 Libros